Länder, die bevölkerungsreicher sind als all ihre Nachbarländer - Statistiken

Allgemein
  • Dieses Quiz wurde 81 mal gespielt
  • Das Durchschnittsergebnis liegt bei 5 aus 9
Antwortstatistiken
Land % Korrekt
Vereinigte Staaten
95%
Indonesien
74%
Südafrika
68%
Vereinigtes Königreich
64%
Nigeria
55%
Südkorea
55%
Ägypten
50%
Haiti
47%
Jemen
8%
Keine übereinstimmenden Quizze gefunden
Verteilung der Resultate
Anzahl Personen mit jedem Resultat
Perzentil nach korrekt beantworteten Fragen
Ihre Resultats-Entwicklung
Sie haben dieses Quiz noch nicht gespielt